India since 1950: Society, politics, economy and culture (Record no. 43111)

MARC details
000 -LEADER
fixed length control field 00473nam a2200169Ia 4500
020 ## - INTERNATIONAL STANDARD BOOK NUMBER
ISBN 9788190651011
082 ## - DEWEY DECIMAL CLASSIFICATION NUMBER
Classification number 330.341(540)
Item number JAF
100 ## - MAIN ENTRY--AUTHOR NAME
Personal name Jaffrelot, Christophe
245 #0 - TITLE STATEMENT
Title India since 1950: Society, politics, economy and culture
260 ## - PUBLICATION, DISTRIBUTION, ETC. (IMPRINT)
Place of publication New Delhi
Name of publisher Yatra Books
Year of publication 2012
650 ## - SUBJECT ADDED ENTRY--TOPICAL TERM
Topical Term Economic development
650 ## - SUBJECT ADDED ENTRY--TOPICAL TERM
Topical Term Economic reforms
650 ## - SUBJECT ADDED ENTRY--TOPICAL TERM
Topical Term Indian literature
650 ## - SUBJECT ADDED ENTRY--TOPICAL TERM
Topical Term Media
942 ## - ADDED ENTRY ELEMENTS (KOHA)
Koha item type Books
Holdings
Withdrawn status Lost status Damaged status Not for loan Home library Current library Date acquired Cost, normal purchase price Full call number Accession Number Koha item type
        RRII Library RRII Library 16/12/2021 995.00 330.341(540) JAF 23377 Books